00834cam a2200205Ia 4500020001600000020001900016040000800035082002700043100003000070245005200100260004100152300002100193500007000214500005800284520021100342650002200553650001300575650001500588650002500603 a0590690140  a9780590690140  cDVA a 813 SCH 1995 A094 Or.1 aCurtis, Christopher Paul.14aThe Watsons go to Birmingham--1963 :ba novel / aNew York :bScholastic Inc.,cc1995, a210 p. ;c22 cm. aReprint: Originally published: New York : Delacorte Press, c1995. a"First Scholastic printing, January 1998"--Verso t.p. aThe ordinary interactions and everyday routines of the Watsons, an African American family living in Flint, Michigan, are drastically changed after they go to visit Grandma in Alabama in the summer of 1963. 0aAfrican Americans 0aFamilies 0aPrejudices 0aBrothers and sisters